Compendio de lecciones de arquitectura (Record no. 58360)

MARC details
000 -LEADER
campo de control de longitud fija 00837nam a2200229 i 4500
001 - NÚMERO DE CONTROL
campo de control 58360
003 - IDENTIFICADOR DE NÚMERO DE CONTROL
campo de control ES-MaACL
005 - FECHA Y HORA DE LA ÚLTIMA TRANSACCIÓN
campo de control 20251010184918.0
007 - CAMPO FIJO DE DESCRIPCIÓN FÍSICA--INFORMACIÓN GENERAL
campo de control de longitud fija t|
008 - DATOS DE LONGITUD FIJA--INFORMACIÓN GENERAL
campo de control de longitud fija 031022s1981 sp ||||1| spa d
020 ## - NÚMERO INTERNACIONAL ESTÁNDAR DEL LIBRO
Número Internacional Estándar del Libro 84-85941-004
100 1# - ENTRADA PRINCIPAL--NOMBRE DE PERSONA
Nombre de persona Durand, J.N.L.
9 (RLIN) 46251
245 10 - MENCIÓN DEL TÍTULO
Título Compendio de lecciones de arquitectura
Resto del título : parte gráfica de los cursos de arquitectura /
Mención de responsabilidad, etc. J.N.L. Durand ; prólogo de Rafael Moneo ; [traducido por Manuel Blanco Lage, Alfonso Magaz Robin, Javier Girón Sierra].
260 ## - PUBLICACIÓN, DISTRIBUCIÓN, ETC.
Lugar de publicación, distribución, etc. Madrid :
Nombre del editor, distribuidor, etc. Pronaos,
Fecha de publicación, distribución, etc. [1981]
300 ## - DESCRIPCIÓN FÍSICA
Extensión XIII, 253 p. :
Otras características físicas il. ;
Dimensiones 20 cm.
700 1# - ENTRADA AGREGADA--NOMBRE PERSONAL
Nombre de persona Moneo, Rafael,
Fechas asociadas al nombre 1937-
9 (RLIN) 82165
700 1# - ENTRADA AGREGADA--NOMBRE PERSONAL
Nombre de persona Blanco Lage, Manuel.
9 (RLIN) 29268
700 1# - ENTRADA AGREGADA--NOMBRE PERSONAL
Nombre de persona Magaz Robin, Alfonso.
9 (RLIN) 75457
700 1# - ENTRADA AGREGADA--NOMBRE PERSONAL
Nombre de persona Girón Sierra, Javier.
9 (RLIN) 57276
852 ## - LOCALIZACIÓN
Ubicación ES-MaACL
Número de control de estantería L-9439
Sublocalización o colección R.110918
Holdings
Estatus retirado Estado de pérdida Estado de daño No para préstamo Biblioteca de origen Biblioteca actual Ubicación en estantería Fecha de adquisición Fuente de adquisición Total de préstamos Signatura topográfica completa Código de barras Visto por última vez Precio de reemplazo Tipo de ítem Koha
        Biblioteca del Ateneo de Madrid Biblioteca del Ateneo de Madrid Depósito 2 17/01/2008     L-9439 1061238 23/02/2023 23/02/2023 Libro impreso